71 Famous Scientists/ (Record no. 102251)

MARC details
000 -LEADER
fixed length control field 00489nam a22001817a 4500
005 - DATE AND TIME OF LATEST TRANSACTION
control field 20230516123556.0
010 ## - LCCN (DPL NO)
LC control number ENG-115742
020 ## - INTERNATIONAL STANDARD BOOK NUMBER
International Standard Book Number 9789350571
Terms of availability 108.00
035 ## - SYSTEM CONTROL NUMBER
System control number EN-99274
037 ## - SOURCE OF ACQUISITION
Source of stock number/acquisition DBAD/PUB
082 ## - DEWEY DECIMAL CLASSIFICATION NUMBER
Classification number 509.2
100 ## - MAIN ENTRY--PERSONAL NAME
Personal name Alankrita
245 ## - TITLE STATEMENT
Title 71 Famous Scientists/
260 ## - PUBLICATION, DISTRIBUTION, ETC. (IMPRINT)
Place of publication, distribution, etc New Delhi
Name of publisher, distributor, etc V & S Publishers
Date of publication, distribution, etc 2013
270 ## - ADDRESS
Address F-2/16 Ansari Road,Daryaganj
City New Delhi
Postal code 110002
300 ## - PHYSICAL DESCRIPTION
Extent 152p.
Dimensions 23cm(pbk)
942 ## - ADDED ENTRY ELEMENTS (KOHA)
Source of classification or shelving scheme Dewey Decimal Classification
Item type English Books
Classification part 509.2
Call number suffix GRE
Holdings
Withdrawn status Lost status Not for loan Collection code Home library Current library Date acquired Source of acquisition Cost, normal purchase price Full call number Barcode Copy number Cost, replacement price Koha item type
      Non-fiction Shahdara Branch Shahdara Branch 12/08/2016 DBAD/PUB 135.00 509.2 GRE EN-99274 EN-99274 135.00 English Books

© Delhi Public Library
Hit Counter
free hit counter